KPop Demon Hunters - QCM - Statistiques

Statistiques générales
  • Ce quiz a été pris 21 fois
  • Le résultat moyen est 12 sur 15
Statistiques - réponses
Question Réponse % Correct
Quelle est l’espèce que combattent le trio ? Des démons
100%
Quel est le signe distinctif qu’ont les démons sur leur peau ? Des marques violettes
100%
Comment s’appelle la barrière que le trio de jeunes femmes doit consolider par leurs chants et en se connectant à l’âme de leurs fans ? Le Honmoon
100%
Rumi est une hybride, mais entre quelle espèce et quelle autre espèce ? Moitié démone, moitié humaine
100%
Et la première chanson que chante les Saja Boys dans le film ? Soda Pop
100%
Quel est l’accessoire que porte la pie de compagnie de Jinu ? Un chapeau haut de forme
100%
Comment s’appelle le Roi des Démons ? Gwi-Ma
95%
Jinu et Rumi chantent une chanson ensemble. Laquelle ? Libres
95%
De quelle couleur doit devenir cette dernière quand celle-ci sera scellée définitivement ? Dorée
85%
Comment s’appelle la mère adoptive de Rumi ? Céline
80%
Comment s’appelle la première chanson que chante les HUNTR/X dans le film ? Ce qu’on te donne
75%
Qui fait la voix chantée de Rumi ? EJAE
55%
Quel est le rôle de Mira au sein des HUNTR/X ? Danseuse principale, visuel et chorégraphe
45%
Quel âge à Bobby ? 34 ans
35%
Quelle est l’arme de Zoey ? Des couteaux
30%
Aucun quiz correspondant
Distribution des résultats
% des personnes avec chaque résultat
Percentile par nombre de réponses
Votre historique - résultats
Vous n’avez pas pris ce quiz